|
|
|
|
| LEADER |
01531nam a2200349 i 4500 |
| 001 |
28558 |
| 003 |
BD-DhAAL |
| 005 |
20151015020002.0 |
| 008 |
141204s2013 mau b 001 0 eng |
| 010 |
|
|
|a 2013014319
|
| 020 |
|
|
|a 9780674072671 (cloth : alk. paper)
|
| 040 |
|
|
|a DLC
|b eng
|c DLC
|e rda
|d DLC
|d BD-DhAAL
|
| 042 |
|
|
|a pcc
|
| 043 |
|
|
|a a-pk---
|
| 050 |
0 |
0 |
|a DS384
|b .D43 2013
|
| 082 |
0 |
0 |
|a 320.54095491
|2 23
|
| 100 |
1 |
|
|a Devji, Faisal.
|9 6549
|
| 245 |
1 |
0 |
|a Muslim Zion :
|b Pakistan as a Political Idea /
|c Faisal Devji.
|
| 250 |
|
|
|a First Harvard University Press edition.
|
| 260 |
|
|
|a Cambridge, Massachusetts :
|b Harvard University Press,
|c c2013
|
| 300 |
|
|
|a vii, 278 pages ;
|c 23 cm
|
| 504 |
|
|
|a Includes bibliographical references (pages 251-267) and index.
|
| 505 |
0 |
|
|a Another Country -- The Problem With Numbers -- A People Without History -- The Fanatic's Reward -- To Set India Free -- The Spirit of Islam.
|
| 541 |
|
|
|e 28558
|
| 650 |
|
0 |
|a Islam and politics
|z Pakistan.
|9 6550
|
| 650 |
|
0 |
|a Islam and state
|z Pakistan.
|9 6551
|
| 651 |
|
0 |
|a Pakistan
|x Politics and government
|y 20th century.
|9 6552
|
| 651 |
|
0 |
|a Pakistan
|x History
|y 20th century.
|9 6553
|
| 651 |
|
0 |
|a India
|x History
|y Partition, 1947.
|9 6554
|
| 942 |
|
|
|2 ddc
|c BK
|0 1
|
| 999 |
|
|
|c 33217
|d 33217
|
| 952 |
|
|
|0 0
|1 0
|2 ddc
|4 0
|6 320_540954910000000_DEV
|7 0
|9 44339
|a BRACUL
|b BRACUL
|c GEN
|d 2014-12-04
|e Trim Education
|g 2225.00
|l 5
|m 10
|o 320.54095491 DEV
|p 3010028558
|r 2024-11-07
|s 2024-10-31
|t 1
|w 2014-12-04
|y BK
|x Transferred from ENH to Ayesha Abed library on 20/12/2023
|